| 000 | 00730nam#a2200253#c#4500 | ||
|---|---|---|---|
| 999 |
_c4481 _d4481 |
||
| 003 | IEF | ||
| 005 | 20210617102235.0 | ||
| 008 | 941205s1975 USA####fr####| 0||u|ENG|u | ||
| 040 |
_aIEF _cES-MaIEF |
||
| 041 | _aENG | ||
| 100 | 1 |
_aCullen, Michael John _911789 |
|
| 245 |
_aThe statistical movement in early Victorian Britain _bthe foundations of empirical social research |
||
| 260 |
_aNew York [etc.] _b Barnes & Noble Books _c1975 |
||
| 300 |
_a205 p. _c 22 cm. |
||
| 650 | 4 |
_942625 _aESTADISTICA |
|
| 650 | 4 |
_948454 _aSOCIEDADES |
|
| 650 | 4 |
_934952 _aCIENCIAS SOCIALES |
|
| 650 | 4 |
_945098 _aINVESTIGACION |
|
| 650 | 4 |
_948241 _aREINO UNIDO |
|
| 650 | 4 |
_945399 _aHISTORIA |
|
| 942 |
_cLIB _2udc |
||
| 942 | _2udc | ||